000 00309nam a2200133Ia 4500
005 20251222175934.0
008 251222s9999||||xx |||||||||||||| ||spa||
082 _a800/R75
100 _aRodríguez Clará, María Polar
245 0 _aN-Bogo
250 _a1ra.ed.
264 _bImpresos Ciscar
942 _cLIB
999 _c41156
_d41156